A legal guide to urban and sustainable development for planners, developers and architects (Record no. 109026)

MARC details
000 -LEADER
fixed length control field 01656cam a22002535a 4500
001 - CONTROL NUMBER
control field L146045
008 - FIXED-LENGTH DATA ELEMENTS--GENERAL INFORMATION
fixed length control field 081204s2008 xxkbdo f 001 0 eng d
020 ## - INTERNATIONAL STANDARD BOOK NUMBER
International Standard Book Number 9780470053294
035 ## - SYSTEM CONTROL NUMBER
System control number (Sirsi) u146045
041 0# - LANGUAGE CODE
Language code of text/sound track or separate title eng
050 04 - LIBRARY OF CONGRESS CALL NUMBER
Classification number 711.1 $2 18
100 1# - MAIN ENTRY--PERSONAL NAME
Personal name Slone, Daniel K.
245 02 - TITLE STATEMENT
Title A legal guide to urban and sustainable development for planners, developers and architects
260 ## - PUBLICATION, DISTRIBUTION, ETC.
Place of publication, distribution, etc. Hoboken
Name of publisher, distributor, etc. John Wiley and Sons, Inc.
Date of publication, distribution, etc. 2008
300 ## - PHYSICAL DESCRIPTION
Extent xv, 352p.
Other physical details ill.
Dimensions 24cm.
505 2# - FORMATTED CONTENTS NOTE
Formatted contents note To suburbia and back, how urbanist law is different -- Sustainable urbanism -- Tweaking the system, getting projects built and codes changed within the existing zoning framework -- Changing the rules, new approaches to zoning -- Fifedoms and fire trucks, overcoming impediments in the subdivision, pla-review, and site-plan processes -- Retooling the common-interest community -- Special building types -- Litigation -- Federal policy, initiatives and alliances -- Strategies for change -- An approach to greening
520 ## - SUMMARY, ETC.
Summary, etc. Book offers commentary and guidance on urbanism and sustainable development in the United States, using case studies and real world examples. Covers many legal examples, including (but not limited to) overcoming impediments to urban and sustainable design practice, getting codes changed within the existing zoning framework and avoiding unnecessary conflicts between urbanist codes and sustainability codes.
521 ## - TARGET AUDIENCE NOTE
Target audience note Advanced
590 ## - LOCAL NOTE (RLIN)
Local note KA
651 #4 - SUBJECT ADDED ENTRY--GEOGRAPHIC NAME
Geographic name United States
Chronological subdivision 1959-
690 ## - LOCAL SUBJECT ADDED ENTRY--TOPICAL TERM (OCLC, RLIN)
Topical term or geographic name as entry element ENVIRONMENTAL AND LAND CONSULTANCY-SUSTAINABILITY-SUSTAINABLE DEVELOPMENT
700 1# - ADDED ENTRY--PERSONAL NAME
Personal name Goldstein, Doris S.
942 ## - ADDED ENTRY ELEMENTS (KOHA)
Suppress in OPAC 0
Holdings
Withdrawn status Lost status Source of classification or shelving scheme Damaged status Not for loan Home library Current library Shelving location Date acquired Cost, normal purchase price Total Checkouts Full call number Barcode Date last seen Copy number Cost, replacement price Price effective from Koha item type
    Dewey Decimal Classification     London London Books 10/12/2008 29.70   711.1 SLO 30076313 06/08/2019 1 29.70 06/08/2019 Book